00410nam a2200145Ia 4500008004100000020001800041041000800059082001700067100002100084245006400105250000600169260003900175300001200214650003800226210716s2010 xx 000 0 und d a9788131704554 aeng a004.607 MONM aMoncur, Michael. aSams teach yourself java script: in 24 hours.bIn 24 hours. a1 aNew DelhibPearson Educationc2010 axii,442 aHTML & XDHTML,Javascript, perlCEL